Drapeaux des pays de la Coupe du monde de rugby 2027. - Statistiques

Statistiques générales
  • Ce quiz a été pris 71 fois
  • Le résultat moyen est 23 sur 24
Statistiques - réponses
Par images Réponse % Correct
Afrique du Sud
100%
Argentine
100%
France
100%
Nouvelle-Zélande
100%
Australie
99%
Canada
99%
Écosse
99%
Espagne
99%
Etats-Unis
99%
Italie
99%
Japon
99%
Portugal
99%
Roumanie
99%
Angleterre
97%
Pays de Galles
97%
Uruguay
97%
Chili
96%
Géorgie
96%
Fidji
90%
Irlande
82%
Tonga
82%
Samoa
81%
Zimbabwe
79%
Hong Kong
76%
Aucun quiz correspondant
Distribution des résultats
% des personnes avec chaque résultat
Percentile par nombre de réponses
Votre historique - résultats
Vous n’avez pas pris ce quiz